000 00503nam a22001817a 4500
005 20251108172301.0
008 250721s1992 xx 000 0 ara d
082 1 4 _a956.441/وحو
100 1 _aالوحوش، محمد شحادة مصطفى
245 1 0 _aحلحول :
_bالأرض و الشعب /
264 1 _aعمان :
_bالمؤلف،
_c1992.
300 _a453ص.
650 1 7 _aتاريخ
650 1 7 _aالخليل
650 1 7 _aحلحول (قرية)
942 _2ddc
_cBK
999 _c75138
_d75138